Can you name a U.S. state that... Quiz Stats

 Plays Quiz not verified by Sporcle

Challenge
Share
Tweet
Embed
Score 0/10 Timer 02:00
0 Plays Today
Clue Answer % Correct
Can you name a U.S. state that is an original colony?New Hampshire,New York,Massachusetts,Georgia...
98.9%
That has a population Less than 1 million (as of the 2010 Census)Alaska,Delaware,Montana,North Dakota,South Dakota,Vermont,Wyoming
97.9%
That has a city in the top ten in overall populationTexas,California,New York,Illinois,Arizona,Pennsylvania
75.5%
That has an area greater than 100,000 Square Miles but less than 200,000(excluding water)California,Montana,New Mexico,Arizona,Nevada,Colorado
69.1%
That has exactly 1 pro sports team (American Football, Basketball, Baseball,or Hockey)Oklahoma,Oregon,Utah
67%
That contains one vowel, 'A' more than once, but not the letter 'L'Arkansas,Kansas
56.4%
That was founded during the years of the Civil WarWest Virginia,Nevada
47.9%
That was part of the Louisiana Purchase but founded after the Civil War, and before the Spanish-American WarNebraska
43.6%
That has a population greater than the dislikes of Rebecca Black's Friday video, but less than the population of L.A. (as of May 14th,2011)Utah,Kansas,Arkansas,Mississippi,Iowa,Connecticut,Oklahoma
24.5%
That experienced a population growth of over 50,000 but less than 100,000 between the 2000 and 2010 censusLouisiana,Maine,New Hampshire,Montana,Delaware,South Dakota,Alaska,Wyoming
18.1%

You're not logged in!

Compare scores with friends on all Sporcle quizzes.
Join for Free
OR
Log In

You Might Also Like...

Show Comments

Extras

Created May 14, 2011ReportNominate
Tags:State Quiz

Top Quizzes Today


Score Distribution

Your Account Isn't Verified!

In order to create a playlist on Sporcle, you need to verify the email address you used during registration. Go to your Sporcle Settings to finish the process.

Report this User

Report this user for behavior that violates our Community Guidelines.

Details: